Loading...
| Current Events | 2 | 20.00 | 100% | 100% | 0% |
| Fine Arts - Classical Music | 4 | 7.50 | 75% | 0% | 0% |
| Fine Arts - Other | 4 | 12.50 | 75% | 50% | 0% |
| Fine Arts - Painting and Sculpture | 5 | 12.00 | 60% | 40% | 20% |
| History - American | 6 | 13.33 | 100% | 33% | 0% |
| History - European | 7 | 12.86 | 100% | 29% | 0% |
| History - Other | 2 | 10.00 | 100% | 0% | 0% |
| History - World | 4 | 10.00 | 75% | 25% | 0% |
| Literature - American | 3 | 6.67 | 67% | 0% | 0% |
| Literature - British | 2 | 5.00 | 50% | 0% | 0% |
| Literature - European | 3 | 6.67 | 67% | 0% | 0% |
| Literature - World | 5 | 6.00 | 60% | 0% | 0% |
| Mythology | 3 | 13.33 | 100% | 0% | 33% |
| Other Academic | 1 | 10.00 | 100% | 0% | 0% |
| Philosophy | 4 | 12.50 | 100% | 25% | 0% |
| Pop Culture | 1 | 20.00 | 100% | 100% | 0% |
| Religion | 8 | 12.50 | 88% | 25% | 13% |
| Science - Biology | 3 | 13.33 | 100% | 33% | 0% |
| Science - Chemistry | 4 | 10.00 | 100% | 0% | 0% |
| Science - Other | 5 | 12.00 | 100% | 20% | 0% |
| Science - Physics | 4 | 7.50 | 75% | 0% | 0% |
| Social Science | 3 | 16.67 | 67% | 67% | 33% |